| 000 | 00424nam a22001697a 4500 | ||
|---|---|---|---|
| 999 |
_c531703 _d531703 |
||
| 003 | NUST | ||
| 005 | 20191024093152.0 | ||
| 008 | 191023b ||||| |||| 00| 0 eng d | ||
| 038 | _aMSOHAIL | ||
| 082 | _a0 | ||
| 100 |
_aFCM _924643 |
||
| 245 | _aInfra guide innovations and best practices: Environmental protocols | ||
| 250 | _avol-1 | ||
| 260 |
_aCanada _bFCM _c2006 |
||
| 300 |
_ap;54, _c25cm _eP.B. |
||
| 942 |
_2ddc _cBK |
||